000 00705nam a2200241Ia 4500
003 OSt
005 20220930195200.0
006 a|||||r|||| 00| 0
007 ta
008 220926b |||||||| |||| 00| 0 hin d
024 _a14516
037 _cDissertations
040 _aCRL
_cCRL
_bhin
041 _2hin
_ahin
100 _aGirish Chandra
_975473
110 _aUniversity of Delhi. Faculty of Arts. Department of Sanskrit
245 0 _aArthantarvayas alankar
_b Ek adhyayan ( Bhamah se Jagnath tak)
260 _c1988
650 _aSANSKRIT
700 _aUniversity of Delhi. Faculty of Arts. Department of Sanskrit
942 _cDIS
_2CC
999 _c898718
_d898718